Principles of Hotel Front Office Operations (Record no. 979)

MARC details
000 -LEADER
Fixed length control field 00507nam a2200181 4500
003 - CONTROL NUMBER IDENTIFIER
Control field SEACOMMC
005 - DATE AND TIME OF LATEST TRANSACTION
Control field 20250430123535.0
008 - FIXED-LENGTH DATA ELEMENTS--GENERAL INFORMATION
Fixed length control field 250109b |||||||| |||| 00| 0 eng d
020 ## - INTERNATIONAL STANDARD BOOK NUMBER / ISBN
International Standard Book Number 978-1-84480-090-2
Price Rs.275.00
040 ## - CATALOGING SOURCE
Original cataloging agency SEACOMMC
082 ## - DEWEY DECIMAL CLASSIFICATION NUMBER
Classification number 647.2
Book Number B 167
100 ## - MAIN ENTRY--PERSONAL NAME
Personal name Baker, Sue
245 1# - TITLE STATEMENT
Title Principles of Hotel Front Office Operations
Statement of responsibility Sue Baker, Pam Bradley, and Jeremy Huyton
250 ## - EDITION STATEMENT
Edition statement 2nd ed.
260 ## - IMPRINT
Place of publication Singapore
Name of publisher Thomson
Date of publication 2000
650 ## - SUBJECT ADDED ENTRY--TOPICAL TERM
Topical term Hotel Management
942 ## - ADDED ENTRY ELEMENTS (KOHA)
Koha item type Books
Holdings
Withdrawn status Lost status Source of classification Damaged status Not for loan Home library Current library Shelving location Date acquired Total Checkouts Call number Accession number Date last seen Price effective from Koha item type Copy number
    Dewey Decimal Classification     SEACOM MANAGEMENT COLLEGE SEACOM MANAGEMENT COLLEGE Reference 26/12/2007   647.2 B 167 M-1583 09/01/2025 09/01/2025 Books  
    Dewey Decimal Classification     SEACOM MANAGEMENT COLLEGE SEACOM MANAGEMENT COLLEGE   26/12/2007   647.2 B 167 M-1584 09/01/2025 09/01/2025 Books 1
    Dewey Decimal Classification     SEACOM MANAGEMENT COLLEGE SEACOM MANAGEMENT COLLEGE   26/12/2007   647.2 B 167 M-1585 09/01/2025 09/01/2025 Books 2
© Seacom Engineering College, All rights reserved.    Powered by Koha